Trái cây đại chiến Zombie Thế giới Robot : Truyện tranh Tập 3: Trận chiến siêu cấp

"Trái Cây Đại Chiến Zombie - Thế Giới Robot - Tập 3: Trận Chiến Siêu Cấp" là tập thứ ba trong bộ truyện tranh "Trái Cây Đại Chiến Zombie". Bộ truyện kể về cuộc phiêu lưu của nhóm bạn cây dũng cảm là Hoa Súng, Hạt Dẻ, Bắp Cả...

ver descrição completa

Na minha lista:
Detalhes bibliográficos
Autor principal: Tiếu Giang Nam
Outros Autores: Minh Thúy (dịch)
Formato: Livro
Idioma:Vietnamese
Publicado em: H. Phụ nữ Việt Nam 2023
Assuntos:
Tags: Adicionar Tag
Sem tags, seja o primeiro a adicionar uma tag!
Thư viện lưu trữ: Thư viện Trường Đại học Nam Cần Thơ
LEADER 01748nam a22002057a 4500
001 NCT_4_010093
008 240617b xxu||||| |||| 00| 0 vie d
999 |c 8448  |d 8448 
020 |c 95000  |a 9786043900767 
082 0 4 |2 23rd ed.  |a 895.13  |b N104/T.3 
100 1 |a Tiếu Giang Nam 
245 1 0 |a Trái cây đại chiến Zombie Thế giới Robot   |b : Truyện tranh  |n Tập 3: Trận chiến siêu cấp  |c Tiểu Giang Nam ; Minh Thúy (dịch) 
260 |a H.  |b Phụ nữ Việt Nam  |c 2023 
300 |a 153 tr.  |b minh họa  |c 24cm 
520 3 |a "Trái Cây Đại Chiến Zombie - Thế Giới Robot - Tập 3: Trận Chiến Siêu Cấp" là tập thứ ba trong bộ truyện tranh "Trái Cây Đại Chiến Zombie". Bộ truyện kể về cuộc phiêu lưu của nhóm bạn cây dũng cảm là Hoa Súng, Hạt Dẻ, Bắp Cải, Nấm,... trong thế giới robot đầy kỳ thú. Tập 3: Trận Chiến Siêu Cấp xoay quanh cuộc chiến giữa nhóm bạn cây và Dr. Zomboss, kẻ độc ác đang âm mưu thống trị thế giới robot. Dr. Zomboss đã chế tạo ra một cỗ máy khổng lồ có khả năng biến tất cả các robot thành zombie. Nhóm bạn cây phải hợp sức để ngăn chặn âm mưu của Dr. Zomboss và bảo vệ thế giới robot. 
653 |a Tham khảo 
700 0 |a Minh Thúy   |e dịch 
942 |2 ddc  |c BK 
952 |0 0  |1 0  |2 ddc  |4 0  |6 895_130000000000000_N104_T_3  |7 0  |9 29133  |a 000001  |b 000001  |d 2024-06-18  |o 895.13 N104/T.3  |p TK.04358  |r 2024-06-18  |v 95000.00  |w 2024-06-18  |y BK 
980 |a Thư viện Trường Đại học Nam Cần Thơ